|
|
|
|
| LEADER |
00000ny a22000003n 4500 |
| 005 |
20110621104646.0 |
| 008 |
100323s sp 000 0 spa d |
| 020 |
|
|
|a 9786074400366
|
| 035 |
|
|
|a 4711
|
| 040 |
|
|
|a BUS
|d vlex
|
| 090 |
|
|
|c 1338
|d 1338
|
| 100 |
1 |
|
|a Přez Chavez, Još
|
| 245 |
1 |
0 |
|a Aplicacin̤ prc̀tica de las Normas de Informacin̤ Financiera
|h [Recurso electrn̤ico]
|b (NIF)
|
| 256 |
|
|
|a Servicio en ln̕ea
|
| 260 |
|
|
|a [S.L.]:
|b Tax Editores,
|c 2007
|
| 506 |
1 |
|
|a Contenido solo disponible en los productos indicados
|d vLex Global
|d vLex Global (Academic Edition, excluding Law Schools)
|d vLex Global (U.S. Academic Edition, Law Schools)
|d vLex Global (U.S. Academic Edition, excluding Law Schools)
|d vLex Global (Academic Edition, Law Schools)
|
| 650 |
0 |
4 |
|a Finanzas
|
| 740 |
0 |
|
|a vLex Libros (Servicios en ln̕ea)
|
| 856 |
4 |
0 |
|u http://vlex.com/source/4711
|z Acceso restringido
|
| 942 |
|
|
|c BOOK
|